000 00756nam a22002177a 4500
999 _c20163
_d20163
003 AR-CdUCM
008 190527b ||||| |||| 00| 0 spa d
040 _aMUNICIPALIDAD PROVINCIAL DEL CUSCO
_cBIBLIOTECA MUNICIPAL DEL CUSCO
041 _heng
082 _a335.4 /
_bG72
100 _aGoodman Elliot R.
_942160
245 _aPlan soviético de un estado mundial /
260 _aMéxico, D. F. :
_bLago tangañica,
_c1964.
300 _a588 páginas ;
_c23 cm.
505 _acontenido: Adenauer, Konrad -- Agresión y soberanía nacional -- Anarquismo -- Partido comunista...
650 _aUnión soviética
_9496
650 _aPlan soviético
_942161
700 _aGuzman Balboa, Antonio (traductor)
_911789
942 _2ddc
_cLIBROS
945 _aAndy